Mezinárodní finance

Salvato in:
Dettagli Bibliografici
Autore principale: Durčáková, Jaroslava
Altri autori: Mandel, Martin
Natura: Libro
Lingua:ceco
Pubblicazione: Praha MANAGEMENT PRESS 2000
Soggetti:
Tags: Aggiungi Tag
Nessun Tag, puoi essere il primo ad aggiungerne!!

MARC

LEADER 00000nam a2200000 4500
001 c123158
005 20221123133152.7
020 |a 80-7261-017-1 
041 0 |a cze 
044 |a CZ 
245 1 0 |a Mezinárodní finance  |c Jaroslava Durčáková, Martin Mandel 
264 1 |a Praha  |b MANAGEMENT PRESS  |c 2000 
300 |a 392 s. 
610 2 0 |a financie medzinárodné 
610 2 0 |a vzťahy peňažné medzinárodné 
610 2 0 |a bilancia platobná 
610 2 0 |a kurz valutový 
610 2 0 |a devízy 
610 2 0 |a kurz výmenný 
610 2 0 |a kurz devízový 
610 2 0 |a trh devízový 
610 2 0 |a investície zahraničné 
610 2 0 |a portfólio 
610 2 0 |a politika menová 
610 2 0 |a ústavy finančné 
610 2 0 |a euro 
610 2 0 |a Európska únia 
100 1 |a Durčáková, Jaroslava 
700 1 |a Mandel, Martin